Žiak medzi žiakmi

Bibliographic Details
Main Author: Piššová, Mária (Author)
Format: Article
Language:Slovak
Subjects:

MARC

LEADER 00000nab a2200000 a 4500
001 vtls000217704
003 SK-MaSNL
005 20260304072817.0
008 250423c1985 xo 0 slo
015 |a SNBRB19rr/mm-uuuuu 
035 |a CL0227818 
035 |a urn:nbn:sk:snk-ab1rln 
035 |a (urnnbn)urn:nbn:sk:snk:ar-a006he 
035 |a (uuid)ab393622-55f3-48e1-ad4e-3bdec5ad932e 
040 |a SNKBUCL  |b slo  |c SNKBUCL  |e AACR2 
041 0 |a slo 
044 |a xo  |c SK 
080 |a 373.3-053.4:37.018.1  |2 1981 
080 |a 37.018.1  |2 1981 
100 1 |a Piššová, Mária  |4 aut  |9 280293 
245 1 0 |a Žiak medzi žiakmi  |c Mária Piššová 
650 0 7 |a školy základné  |2 snkbucl  |9 390867 
650 0 7 |a deti predškolského veku  |2 snkbucl  |9 4103 
650 0 7 |a rodinná výchova  |2 snkbucl  |9 66934 
655 7 |a články z novín a časopisov  |2 snkbucl  |9 267496 
773 0 |t Rodina a škola  |g Roč. 32, č. 3 (1985), s. 10-11 
850 |a Slovenská národná knižnica 
852 |a Slovenská národná knižnica 
954 |a odborná, vedecká literatúra pôvodná (slovenská)  |2 lita 
958 |a article27 
958 |a RK 
958 |a OND 
958 |a EUIPO 
992 |a RBX 
999 |c 2768039  |d 2769969